000 01256cam a22003134a 4500
999 _c6082
_d6082
001 12022720
003 OSt
005 20200127104640.0
008 000526s2001 nyua b 001 0 eng
010 _a 00043275
020 _a9971513676
040 _aDLC
_cDLC
_dDLC
042 _apcc
050 0 0 _aHD30.28
_b.S25 2001
082 0 0 _a658.4021
_221
_bSAL/S
100 _aSaloner, Garth
_91491
245 1 0 _aStrategic management /
_cGarth Saloner, Andrea Shepard, Joel Podolny.
260 _aNew York :
_bJohn Wiley,
_cc2001.
300 _axvii, 442 p. :
_bill. ;
_c25 cm.
504 _aIncludes bibliographical references and index.
650 0 _aStrategic planning.
700 1 _aShepard, Andrea
_91576
700 1 _aPodolny, Joel M.
_q(Joel Marc)
_91577
856 4 2 _3Publisher description
_uhttp://www.loc.gov/catdir/description/wiley034/00043275.html
856 4 _3Table of Contents
_uhttp://www.loc.gov/catdir/toc/onix05/00043275.html
906 _a7
_bcbc
_corignew
_d1
_eocip
_f20
_gy-gencatlg
942 _2ddc
_cBK
_h658.4012
_iSAL/S
_k658.4012
_mSAL/S